i wish i knew how to quit you - sombr (lyrics) - Statistics

General Stats
  • This quiz has been taken 35 times
  • The average score is 199 of 288
Answer Stats
Hint Answer % Correct
Bridge | Chorus | Verse 1 I
100%
I'm
95%
a
91%
of
86%
Of
86%
it
82%
But
77%
but
77%
how
77%
knew
77%
quit
77%
to
77%
was
77%
we
77%
were
77%
wish
77%
won't
77%
you
77%
You
77%
you,
77%
call
73%
my
73%
off
73%
the
73%
you're
73%
You're
73%
yours
73%
always
68%
And
68%
and
68%
in
68%
mine,
68%
never
68%
so
68%
'til
68%
'Cause
64%
could
64%
home
64%
house,
64%
know
64%
like
64%
more
64%
on
64%
stone
64%
then
64%
addicted
59%
alone
59%
for
59%
love
59%
not
59%
Oh,
59%
there
59%
too?
59%
up
59%
what
59%
Verse 2 When
59%
when
59%
ya
59%
At
55%
I'd
55%
is
55%
sleep,
55%
wake
55%
be
50%
Did
50%
did,
50%
ever
50%
gonna
50%
inside
50%
it's
50%
nothing
50%
that
50%
unwell
50%
veins
50%
while
50%
without
50%
Brooklyn,
45%
counter
45%
DNA,
45%
echo
45%
feel
45%
good
45%
health
45%
If
45%
kissed
45%
least
45%
live
45%
live,
45%
much
45%
myself,
45%
one
45%
place
45%
put
45%
save
45%
show
45%
tiny
45%
top
45%
unavailable
45%
all
41%
don't
41%
exchanged
41%
get
41%
part
41%
reasons
41%
shelf
41%
away,
36%
help
36%
lose
36%
rather
36%
Than
36%
there'll
36%
They
36%
another
32%
bottle
32%
take
27%
wait
27%
stayed
23%
create
0%
No matching quizzes found
Score Distribution
Percent of People with Each Score
Percentile by Number Answered
Your Score History
You have not taken this quiz